000 00433nam a2200169 a 4500
005 20140412111228.0
008 100121s19uu xx 00 eng d
020 _a1-57064-714-3
050 _aER
_bM72 2000
100 _a Mody, Monica
245 _aBarney's Easter party! /
_cMonica Mody.
260 _aNew York :
_bScholastic,
_c2000.
300 _aunp.
440 _aLift and peek
650 _aTreasure hunt
999 _c102090
_d102090